000 00534nam a2200181Ia 4500
003 GCL
008 140319s9999 xx 000 0 ara d
040 _aGCL /
_cGCL
082 0 4 _a741.5
_bم ك
100 1 _aمحمد بغدادى (اعداد)
245 1 0 _aكاريكاتير حجازى فنان الحارة المصرية /
_cمحمد بغدادى (اعداد)
300 _a223 ص
490 _a
650 0 4 _aالكاريكاتير
650 0 4 _aالرسامون المصريون
650 0 4 _aحجازى
942 _2ddc
_cBK
999 _c46364
_d46364